000 01084cam a2200229 4500
001 WB@3612-865
008 040204n2004 000 0 eng u
035 _a(Sirsi) u125024
245 _aSupport for home condition reports
260 _c2004
490 _aODPM News Release
_v(2004/0020) 3 February 2004 (4)
520 _aResearch carried out by the BRE indicates that there is strong support among home buyers and sellers for the Home Condition Report. Estate agents were also generally positive. It is reported that agents are comfortable with marketing a home with a serious fault - since this brings the problem out into the open. The ODPM also published research into Home Information Packs for low value homes in low demand areas. http://www.odpm.gov.uk/pns/DisplayPN.cgi?pn_id=200 4_0020
590 _aWB
590 _aWB
590 _aWB
650 _aHOME CONDITION REPORTS
650 _aHOME INFORMATION PACKS
650 _aHOMEBUYING PROCESS
650 _aPROPERTY AND LAND LAW
690 _aVALUATION AND INVESTMENT APPRAISAL-RESIDENTIAL
942 _n0
999 _c116997
_d116997